Egypt : how a lost civilization was rediscovered /

محفوظ في:

المؤلف الرئيسي: Tyldesley, Joyce A.

التنسيق: كتاب

اللغة: Undetermined

منشور في: Berkeley : University of California Press, 2005.

الموضوعات:

الوسوم: إضافة وسم

لا توجد وسوم, كن أول من يضع وسما على هذه التسجيلة!

رقم الطلب: PJ1051 .T95

LEADER 00719nam a2200181Ia 4500
008 220401s9999||||xx |||||||||||||| ||und||
020 |a 520250206 
050 4 |a PJ1051 .T95 
100 1 |a Tyldesley, Joyce A. 
245 1 0 |a Egypt :  |b how a lost civilization was rediscovered /  |c Joyce A. Tyldesley. 
264 1 |a Berkeley :  |b University of California Press,  |c 2005. 
300 |a 256p., (24)p. of plates :  |b ill. (some col.), map ;  |c 24cm. 
500 |a includes bibliographical references and index. 
650 1 4 |a Egyptologists. 
650 1 4 |a Egyptology History. 
942 |2 lcc  |c BK 
952 |0 0  |1 0  |2 lcc  |4 0  |6 PJ1051 T95  |7 1  |9 39287  |a ARCE  |b ARCE  |d 2022-04-01  |l 0  |o PJ1051 .T95  |p 1002786  |r 2022-04-01 00:00:00  |w 2022-04-01  |y BK 
999 |c 46868  |d 46868